000 00821nam a2200205Ia 4500
001 7628
003 GE_BSU
008 181216s||||||||xx |||||||||||||| ||und||
040 _cGE_BSU
245 _aეკონომიკა 5-6. 2013
245 _bყოველთვიური საერთაშორისო რეცენზირებადი და რეფერირებადი სამეცნიერო ჟურნალი.
245 _cმთ.რედ:რ.შენგელია.
260 _aთბილისი.
260 _c2013.
300 _a305გვ;20სმ.
520 _aმეცნიერება,პრაქტიკა,გამოცდილება.
653 _aეკონომიკა.
653 _aპერიოდიკა
942 _cCR
999 _c40980
_d40980